Uplatňovanie prvkov etickej výchovy a práca s denníkom na hodinách slovenského jazyka a literatúry ako deti naučiť žiť šťastný život v konzumnom svete?

Bibliographic Details
Main Author: Koníčková, Jaroslava (Author)
Format: Book
Language:Slovak
PhysicalDescription:94 s. ilustr. 21 cm
Published: Bratislava AT publishing 2014
ISBN:9788088954712
Edition:1. vyd.
Subjects:

MARC

LEADER 00000cam a2200000 a 4500
001 vtls010610495
003 SK-MaSNL
005 20260301090644.0
008 240318c2014 xo a frn 000 0 slo
015 |a SNBA2014/10 
020 |a 9788088954712  |q (brož.) 
035 |a 74DDE446-4838-4D2E-9684-D69079B32E22 
035 |a urn:nbn:sk:snk-aml3hr 
035 |a urn:nbn:sk:snk-am008k0v 
040 |a SNK  |b slo  |c SNK  |e AACR2 
041 0 |a slo 
044 |a xo  |c SK 
072 7 |a 37  |x Výchova a vzdelávanie  |2 konspekt 
072 7 |a 028  |x Čítanie  |2 konspekt 
080 |a 811.162.4  |2 2001 
080 |a 37.016:82  |2 2001 
080 |a 028  |2 2001 
080 |a 028.3  |2 2001 
080 |a (072)  |2 2001 
100 1 |a Koníčková, Jaroslava  |4 aut  |9 418794 
245 1 0 |a Uplatňovanie prvkov etickej výchovy a práca s denníkom na hodinách slovenského jazyka a literatúry  |b ako deti naučiť žiť šťastný život v konzumnom svete?  |c Jaroslava Koníčková 
246 3 0 |a Ako deti naučiť žiť šťastný život v konzumnom svete? 
250 |a 1. vyd. 
260 |a Bratislava  |b AT publishing  |c 2014 
300 |a 94 s.  |b ilustr.  |c 21 cm 
504 |a Bibliogr.: s. 94 
650 0 7 |a slovenčina  |2 SNKPH  |9 1350 
650 0 7 |a literárna výchova  |2 SNKPH  |9 1653 
650 0 7 |a čítanie  |2 SNKPH  |9 1654 
650 0 7 |a doporučené čítanie  |2 SNKPH  |9 264695 
650 0 7 |a Slovak language  |2 SNKPHeng  |9 266031 
650 0 7 |a Literary education  |2 SNKPHeng  |9 274096 
650 0 7 |a Reading  |2 SNKPHeng  |9 276976 
650 0 7 |a Reading lists  |2 SNKPHeng  |9 418795 
655 7 |a metodické príručky  |2 SNKPH  |9 70250 
655 7 |a Methodological manuals  |2 SNKPHeng  |9 270866 
852 |a Slovenská národná knižnica 
919 |a 978-80-88954-71-2 
954 |a odborná, vedecká literatúra pôvodná (slovenská)  |2 lita 
999 |c 668821  |d 670751 
952 |a SNK  |b SNK  |y VYP  |7 0  |p 17A1117918  |o snkSC 160944 D1  |i snk2014/21954  |8 0  |0 0  |1 0  |4 0  |d 2014-10-15  |l 0  |r 2026-02-23 19:18:20  |w 2026-02-23 
952 |a SNK  |b SNK  |y PREZ  |7 0  |p 17A1115941  |o snkSC 160944  |i snk2014/19176  |8 0  |0 0  |1 0  |4 0  |d 2014-09-19  |f 1  |l 0  |r 2025-08-25 00:00:00  |w 2026-02-23